000 00321nam a22001337a 4500
003 OSt
008 250107b |||||||| |||| 00| 0 eng d
041 _aeng
100 _aISRAELSON Corson
_96825
245 _aIrrigation Principles and Practices
250 _a3rd
260 _aNew York:
_bJohn Wiley and Sons
942 _cBK
999 _c18977
_d18977